[Event "13th Africa-ch"]
[Site "Oran ALG"]
[Date "2017.07.04"]
[Round "3"]
[White "Arab, Adlane"]
[Black "Talbi, Chafik"]
[Result "1-0"]
[WhiteElo "2476"]
[BlackElo "2250"]
[EventDate "2017.07.02"]
[PlyCount "91"]

1.d4 Nf6 2.c4 e6 3.Nf3 d5 4.Nc3 dxc4 5.e4 Bb4 6.Bg5 c5 7.Bxc4 cxd4 8.Nxd4 
Qa5 9.Bd2 Qc5 10.Bb5+ Bd7 11.Nb3 Qc7 12.Bd3 O-O 13.O-O Nc6 14.Rc1 Rfd8 15.
Qe2 Be8 16.Bg5 Be7 17.Nb5 Qb8 18.Bh4 Ng4 19.Bg3 Nge5 20.Bb1 a6 21.Nc3 Bd6 
22.f4 Ng6 23.e5 Be7 24.Qe3 Nb4 25.Be4 Bc6 26.Bxc6 Nxc6 27.a3 Qc7 28.Na4 a5
29.Bf2 Ra6 30.Qe4 h6 31.Nac5 Bxc5 32.Nxc5 Raa8 33.Nxe6 fxe6 34.Qxg6 Qf7 
35.Qe4 Rd2 36.Rb1 Rad8 37.Be3 R2d3 38.Bc5 R8d5 39.f5 Rxc5 40.Qxd3 Rxe5 41.
fxe6 Qxe6 42.Rbd1 Re2 43.Rd2 Re3 44.Qd7 b6 45.Qxe6+ Rxe6 46.Rfd1 1-0

[Event "13th Africa-ch"]
[Site "Oran ALG"]
[Date "2017.07.04"]
[Round "3"]
[White "Bouzidi, Ahmed"]
[Black "Amin, Bassem"]
[Result "0-1"]
[WhiteElo "2193"]
[BlackElo "2672"]
[EventDate "2017.07.02"]
[PlyCount "74"]

1.e4 e6 2.d4 d5 3.Nc3 Bb4 4.e5 c5 5.a3 Bxc3+ 6.bxc3 Ne7 7.Qg4 Qc7 8.Qxg7 
Rg8 9.Qxh7 cxd4 10.Ne2 Nbc6 11.f4 dxc3 12.Qd3 Bd7 13.Nxc3 a6 14.Rb1 Rc8 
15.h4 Nf5 16.Rh3 Nce7 17.h5 Nh6 18.Bd2 Nef5 19.a4 Ng4 20.h6 Qc5 21.h7 Qf2+
22.Kd1 Rh8 23.Qe2 Qxe2+ 24.Kxe2 d4 25.Ne4 Bxa4 26.Kf3 Bxc2 27.Rc1 Bxe4+ 
28.Kxg4 Rxc1 29.Bxc1 Ne3+ 30.Bxe3 Bf5+ 31.Kg5 Bxh3 32.Bxd4 Bf5 33.g4 Be4 
34.f5 Rxh7 35.Bb6 Rh1 36.Bc4 Rb1 37.Ba7 b5 0-1

[Event "13th Africa-ch"]
[Site "Oran ALG"]
[Date "2017.07.04"]
[Round "3"]
[White "Cawdery, Daniel"]
[Black "Boudriga, Med Ali"]
[Result "1/2-1/2"]
[WhiteElo "2426"]
[BlackElo "2348"]
[EventDate "2017.07.02"]
[PlyCount "53"]

1.e4 c5 2.Nf3 e6 3.d4 cxd4 4.Nxd4 a6 5.Bd3 g6 6.O-O Bg7 7.c3 Ne7 8.Nd2 d5 
9.exd5 Nxd5 10.N2f3 O-O 11.Re1 Qc7 12.Bg5 e5 13.Nc2 Be6 14.Be4 Nb6 15.Ne3 
f6 16.Nd5 Nxd5 17.Bxd5 Qf7 18.Bxe6 Qxe6 19.Be3 Nc6 20.Nd2 Rad8 21.Qb3 Qxb3
22.Nxb3 Rf7 23.Rad1 Bf8 24.Rxd8 Nxd8 25.Rd1 Nc6 26.Bc5 Bxc5 27.Nxc5 
1/2-1/2

[Event "13th Africa-ch"]
[Site "Oran ALG"]
[Date "2017.07.04"]
[Round "3"]
[White "Phiri, Richmond"]
[Black "Hesham, Abdelrahman"]
[Result "1/2-1/2"]
[WhiteElo "2267"]
[BlackElo "2385"]
[EventDate "2017.07.02"]
[PlyCount "131"]

1.d4 d5 2.Nf3 e6 3.c4 Nf6 4.g3 Bb4+ 5.Bd2 Be7 6.Bg2 O-O 7.O-O Nbd7 8.Qc2 
Ne4 9.Nc3 Nxd2 10.Nxd2 Nf6 11.Rfd1 c6 12.e4 b6 13.e5 Nd7 14.Nf1 Bb7 15.Ne3
dxc4 16.Nxc4 b5 17.Ne3 Qb6 18.a4 a5 19.Qe2 Rab8 20.Rac1 Rfd8 21.axb5 cxb5 
22.Ne4 Nf8 23.Qg4 Kh8 24.d5 exd5 25.Nd6 Bxd6 26.exd6 Qxd6 27.Bxd5 Bxd5 28.
Rxd5 Qe6 29.Qf4 Qf6 30.Qxf6 gxf6 31.Rxd8 Rxd8 32.Rc5 Rb8 33.Rc7 a4 34.Rxf7
b4 35.Rc7 Ne6 36.Rc1 Nd4 37.Ra1 a3 38.bxa3 b3 39.Kg2 Ne6 40.a4 b2 41.Rb1 
Nc5 42.a5 Kg7 43.Nd1 Na4 44.a6 Ra8 45.Nxb2 Nxb2 46.Rxb2 Rxa6 47.Kf3 Ra4 
48.Re2 Kg6 49.Re4 Ra3+ 50.Kg2 Rb3 51.Rg4+ Kf7 52.Kh3 Rf3 53.Kg2 Rb3 54.Rf4
Kg6 55.Kh3 h5 56.Kh4 Rb2 57.h3 Ra2 58.g4 hxg4 59.Rxg4+ Kh6 60.Kg3 Ra3+ 61.
Kg2 Rb3 62.Rg3 Rb2 63.Kf3 Ra2 64.Rg2 Ra4 65.Rg4 Ra3+ 66.Kg2 1/2-1/2

[Event "13th Africa-ch"]
[Site "Oran ALG"]
[Date "2017.07.04"]
[Round "3"]
[White "Van Zyl-Rudd, Jack"]
[Black "Haddouche, Mohamed"]
[Result "1/2-1/2"]
[WhiteElo "2125"]
[BlackElo "2492"]
[EventDate "2017.07.02"]
[PlyCount "74"]

1.d4 d6 2.c4 e5 3.Nc3 exd4 4.Qxd4 Nf6 5.b3 Nc6 6.Qd2 g6 7.Bb2 Bg7 8.Nf3 
O-O 9.g3 Re8 10.Bg2 Bf5 11.O-O Ne4 12.Nxe4 Bxe4 13.Bxg7 Kxg7 14.Nd4 Nxd4 
15.Qxd4+ Qf6 16.Qxf6+ Kxf6 17.Bxe4 Rxe4 18.e3 a5 19.a4 Ke6 20.Rad1 Re5 21.
Rfe1 Re8 22.Kg2 Kf6 23.Rd3 g5 24.Red1 b6 25.Rd4 Re4 26.Rxe4 Rxe4 27.Kf3 
Re5 28.Rd4 h5 29.h3 Ke6 30.g4 hxg4+ 31.Kxg4 f6 32.h4 c5 33.Rd3 gxh4 34.f4 
Re4 35.Kxh4 Kd7 36.Kg4 Re8 37.Kf5 Ke7 1/2-1/2

[Event "13th Africa-ch"]
[Site "Oran ALG"]
[Date "2017.07.04"]
[Round "3"]
[White "Belouadah, Saad"]
[Black "Salhi, Nouressadat"]
[Result "1-0"]
[WhiteElo "2400"]
[BlackElo "2034"]
[EventDate "2017.07.02"]
[PlyCount "103"]

1.Nf3 Nf6 2.g3 b5 3.Bg2 Bb7 4.O-O e6 5.d3 d5 6.Nbd2 Be7 7.Qe1 O-O 8.e4 
dxe4 9.dxe4 Nbd7 10.Qe2 a5 11.Rd1 b4 12.Nd4 c5 13.Nb5 Qb8 14.a4 Bc6 15.c4 
bxc3 16.bxc3 Nb6 17.c4 e5 18.Bb2 Rd8 19.Bc3 Bd7 20.Nb3 Bg4 21.Rxd8+ Bxd8 
22.Qd3 Nbd7 23.Nd2 Be6 24.Nf1 Ne8 25.Ne3 Nc7 26.Nd5 Na6 27.Rb1 Nb4 28.Qf1 
Nb6 29.f4 f6 30.fxe5 fxe5 31.Bh3 Bxh3 32.Qxh3 Qc8 33.Qh5 Qd7 34.Rd1 N4xd5 
35.exd5 Nxc4 36.Bxe5 Nb6 37.d6 Nxa4 38.Qf3 Nb6 39.Nc7 Rc8 40.Rf1 Bxc7 41.
dxc7 h6 42.Rd1 Qe6 43.Rd8+ Kh7 44.Bf4 c4 45.Kg2 Qg6 46.h4 a4 47.h5 Qc2+ 
48.Kh3 Qf5+ 49.g4 Qb1 50.Be5 Qb3 51.Bc3 Qb1 52.Bxg7 1-0

[Event "13th Africa-ch"]
[Site "Oran ALG"]
[Date "2017.07.04"]
[Round "3"]
[White "Chipanga, Takaedza"]
[Black "Mwali, Chitumbo"]
[Result "0-1"]
[WhiteElo "2068"]
[BlackElo "2356"]
[EventDate "2017.07.02"]
[PlyCount "103"]

1.d4 Nf6 2.c4 e6 3.g3 d5 4.Nf3 Be7 5.Bg2 O-O 6.O-O dxc4 7.Ne5 Nc6 8.Nxc6 
bxc6 9.Na3 Bxa3 10.bxa3 Nd5 11.Qa4 Nb6 12.Qa5 Qxd4 13.Be3 Qb2 14.Bc5 Rd8 
15.Rab1 Qxe2 16.Bxc6 Bd7 17.Rfe1 Qxe1+ 18.Qxe1 Bxc6 19.Rc1 Bf3 20.h3 Rd5 
21.Qe3 Rd3 22.Qe5 Rad8 23.g4 Bd5 24.Kh2 Re8 25.Be3 Nd7 26.Qg3 Nf6 27.g5 
Ne4 28.Qf4 Nd6 29.h4 Nf5 30.Bc5 Rf3 31.Qg4 h5 32.gxh6 Nxh6 33.Qg5 Rf5 34.
Qg3 Rh5 35.Be3 Nf5 36.Qg4 Rh7 37.Bg5 Kh8 38.h5 f6 39.Bd2 Rg8 40.Bc3 Nd6 
41.f3 e5 42.Kg3 Bf7 43.Rh1 Nb5 44.Ba1 Rd8 45.Qf5 Nd4 46.Bxd4 exd4 47.h6 
Kg8 48.Rh4 Rxh6 49.Rxh6 gxh6 50.Qxf6 Rf8 51.Qe7 d3 52.Qxc7 0-1

[Event "13th Africa-ch"]
[Site "Oran ALG"]
[Date "2017.07.04"]
[Round "3"]
[White "Douissa, Oussama"]
[Black "El-Hadi, Hamdan Abderahmane"]
[Result "1-0"]
[WhiteElo "2270"]
[BlackElo "2082"]
[EventDate "2017.07.02"]
[PlyCount "121"]

1.d4 Nf6 2.c4 g6 3.Nc3 Bg7 4.e4 d6 5.f3 O-O 6.Be3 Nc6 7.Nge2 e5 8.d5 Na5 
9.Nc1 b6 10.b4 Nb7 11.Nb3 a5 12.a3 Bd7 13.Be2 Nh5 14.O-O Nf4 15.Re1 Qg5 
16.Bf1 Nh3+ 17.Kh1 Qxe3 18.Rxe3 Nf2+ 19.Kg1 Nxd1 20.Rxd1 axb4 21.axb4 Bh6 
22.Red3 Ra3 23.Rb1 Rfa8 24.Rb2 Kf8 25.Kf2 Ke7 26.g3 f5 27.Rd1 Ba4 28.Rdb1 
Bxb3 29.Rxb3 Kd8 30.exf5 gxf5 31.Bd3 Bd2 32.Nb5 Rxb3 33.Rxb3 Ra2 34.Bb1 
Ra4 35.Bxf5 Bxb4 36.Bxh7 Na5 37.Nc3 Bc5+ 38.Ke2 Rxc4 39.Bd3 Nxb3 40.Bxc4 
Nd4+ 41.Ke3 Nb5+ 42.Kd3 Nxc3 43.Kxc3 Ke7 44.Kd3 Kf6 45.Ke2 Ba3 46.h4 Bc1 
47.Kf2 Bd2 48.Kg2 Be3 49.Bd3 Bd2 50.Kh3 Be3 51.Kg4 Bf2 52.Kh3 Be3 53.g4 
Kg7 54.g5 Bd2 55.Kg4 Be3 56.h5 Bd2 57.h6+ Kg8 58.Kh5 Bc3 59.Be4 Bd2 60.g6 
Bf4 61.Bf5 1-0

[Event "13th Africa-ch"]
[Site "Oran ALG"]
[Date "2017.07.04"]
[Round "3"]
[White "Odendaal, Frederick"]
[Black "Silva, David"]
[Result "1/2-1/2"]
[WhiteElo "2038"]
[BlackElo "2205"]
[EventDate "2017.07.02"]
[PlyCount "60"]

1.e4 c5 2.Nf3 Nc6 3.d4 cxd4 4.Nxd4 Nf6 5.Nc3 e5 6.Nf3 Bb4 7.Bc4 Bxc3+ 8.
bxc3 Qa5 9.Bd5 Qxc3+ 10.Bd2 Qc5 11.c4 Qe7 12.Qa4 O-O 13.O-O d6 14.Qb3 Bg4 
15.Bg5 Bxf3 16.Qxf3 Nd4 17.Qd3 h6 18.Bxf6 gxf6 19.f4 Kh7 20.Rf2 Rg8 21.Rd1
Rac8 22.Qa3 Rg7 23.Qxa7 Ne6 24.fxe5 fxe5 25.Qxb7 Qxb7 26.Bxb7 Rxc4 27.Bd5 
Ra4 28.Bxe6 fxe6 29.Rxd6 Rxe4 30.Rxe6 Re1+ 1/2-1/2

[Event "13th Africa-ch"]
[Site "Oran ALG"]
[Date "2017.07.04"]
[Round "3"]
[White "Gueroui, Nasr-Eddine"]
[Black "Bengherabi, Khalil"]
[Result "1/2-1/2"]
[WhiteElo "2029"]
[BlackElo "2230"]
[EventDate "2017.07.02"]
[PlyCount "60"]

1.e4 c5 2.d4 cxd4 3.c3 Nf6 4.e5 Nd5 5.Nf3 e6 6.Bc4 Nb6 7.Bd3 Nc6 8.cxd4 
Nb4 9.Be4 d5 10.exd6 Qxd6 11.O-O N6d5 12.Na3 Nf6 13.Bb1 Qd5 14.Re1 Be7 15.
Re5 Qd8 16.Nc4 b5 17.Ne3 a6 18.a3 Nc6 19.Rg5 g6 20.Rg3 Nh5 21.Rh3 Nf4 22.
Rg3 Nxd4 23.Nxd4 Qxd4 24.Qf3 Nd5 25.Nxd5 exd5 26.Ba2 Be6 27.Qe2 O-O 28.Rd3
Qe4 29.Re3 Qd4 30.Rd3 Qe4 1/2-1/2

[Event "13th Africa-ch"]
[Site "Oran ALG"]
[Date "2017.07.04"]
[Round "3"]
[White "Moulay, Mehdi"]
[Black "Farahat, Ali"]
[Result "0-1"]
[WhiteElo "2055"]
[BlackElo "2420"]
[EventDate "2017.07.02"]
[PlyCount "52"]

1.d4 Nf6 2.Nf3 d5 3.Bf4 c5 4.e3 Nc6 5.c3 e6 6.Nbd2 Bd6 7.Bg3 Bxg3 8.hxg3 
Qd6 9.Bb5 Bd7 10.Qa4 b6 11.Rd1 a6 12.dxc5 bxc5 13.Qa3 O-O 14.Ba4 Rfb8 15.
Nb3 Nb4 16.Na1 Bxa4 17.Qxa4 Nc6 18.Qa3 Ne4 19.Nd2 Nxd2 20.Rxd2 Ne5 21.Qa4 
c4 22.b3 Nd3+ 23.Ke2 Qe5 24.bxc4 Nc5 25.Qc2 Ne4 26.Rd4 Qf6 0-1

[Event "13th Africa-ch"]
[Site "Oran ALG"]
[Date "2017.07.04"]
[Round "3"]
[White "Ounas, Abdelhak"]
[Black "De Gondo, Simplice Armel"]
[Result "1/2-1/2"]
[WhiteElo "2018"]
[BlackElo "2174"]
[EventDate "2017.07.02"]
[PlyCount "104"]

1.e4 c5 2.Nf3 a6 3.d4 cxd4 4.Nxd4 d6 5.Nc3 g6 6.Be3 Bg7 7.Qd2 h5 8.Bc4 Nf6
9.f3 Qc7 10.Bb3 Nc6 11.O-O-O Na5 12.Rhe1 Nxb3+ 13.cxb3 b5 14.Kb1 Bb7 15.
Rc1 Qd7 16.h3 O-O 17.g4 Rac8 18.Bh6 e5 19.Bxg7 Kxg7 20.Nf5+ gxf5 21.Qg5+ 
Kh7 22.Qxf6 fxe4 23.Rcd1 Qe6 24.Qxe6 fxe6 25.Rxd6 exf3 26.Rd7+ Kg6 27.
gxh5+ Kxh5 28.Rxb7 f2 29.Rf1 Rf4 30.Rb6 Rg8 31.Ne2 Rf6 32.a4 Kh4 33.axb5 
Kxh3 34.bxa6 Kg2 35.Rxf2+ Kxf2 36.Nc3 Kf3 37.b4 e4 38.b5 e3 39.a7 Ra8 40.
Rb7 e2 41.Nxe2 Kxe2 42.b6 e5 43.Rb8 Rxb6 44.Rxa8 Rb7 45.Kc2 e4 46.b3 e3 
47.Kc3 Ke1 48.b4 e2 49.Kb3 Re7 50.Kc2 Rc7+ 51.Kb3 Re7 52.Kc2 Rc7+ 1/2-1/2

[Event "13th Africa-ch"]
[Site "Oran ALG"]
[Date "2017.07.04"]
[Round "3"]
[White "Ghabache, Nour-Eddine"]
[Black "Boudaoud, Khaled"]
[Result "1-0"]
[WhiteElo "2168"]
[BlackElo "2139"]
[EventDate "2017.07.02"]
[PlyCount "81"]

1.d4 Nf6 2.Nf3 d6 3.c4 Nbd7 4.Nc3 e5 5.g3 Be7 6.Bg2 O-O 7.O-O c6 8.e4 Re8 
9.h3 Bf8 10.Re1 g6 11.Be3 Bg7 12.Qc2 Qc7 13.Rad1 a6 14.Re2 c5 15.dxe5 Nxe5
16.Nxe5 dxe5 17.Nd5 Nxd5 18.cxd5 Qa5 19.Bxc5 Qxa2 20.Ba3 Bd7 21.Qc7 Qb3 
22.Ree1 Ba4 23.Rc1 b5 24.Rc3 Qa2 25.Bf1 a5 26.Rf3 f6 27.Be7 Qxb2 28.Bxf6 
Bxf6 29.Rxf6 Rf8 30.Qe7 Qb4 31.Rxf8+ Rxf8 32.Qe6+ Rf7 33.Rc1 Qd4 34.Bg2 
Bc2 35.Qc8+ Kg7 36.Rxc2 b4 37.Rc7 Qxf2+ 38.Kh2 b3 39.d6 b2 40.Qb7 Rxc7 41.
dxc7 1-0

[Event "13th Africa-ch"]
[Site "Oran ALG"]
[Date "2017.07.04"]
[Round "4"]
[White "Amin, Bassem"]
[Black "Adly, Ahmed"]
[Result "1/2-1/2"]
[WhiteElo "2672"]
[BlackElo "2620"]
[EventDate "2017.07.02"]
[PlyCount "24"]

1.c4 Nf6 2.Nf3 g6 3.g3 Bg7 4.Bg2 c6 5.O-O O-O 6.d4 d5 7.cxd5 cxd5 8.Nc3 
Ne4 9.Ng5 Nf6 10.Nf3 Ne4 11.Ng5 Nf6 12.Nf3 Ne4 1/2-1/2

[Event "13th Africa-ch"]
[Site "Oran ALG"]
[Date "2017.07.04"]
[Round "4"]
[White "Douissa, Oussama"]
[Black "Cawdery, Daniel"]
[Result "0-1"]
[WhiteElo "2270"]
[BlackElo "2426"]
[EventDate "2017.07.02"]
[PlyCount "148"]

1.e4 c5 2.Nf3 d6 3.d4 cxd4 4.Nxd4 Nf6 5.Nc3 g6 6.Be3 Bg7 7.f3 O-O 8.Qd2 
Nc6 9.O-O-O d5 10.Nxc6 bxc6 11.exd5 Nxd5 12.Nxd5 cxd5 13.Qxd5 Qc7 14.Qc5 
Qb8 15.Qb5 Qc7 16.Qc5 Qb8 17.Qb5 Qxb5 18.Bxb5 Rb8 19.Bc4 Bxb2+ 20.Kd2 a5 
21.a4 Bf5 22.Bb3 Rfd8+ 23.Ke2 Rdc8 24.Rd2 Bc3 25.Rd5 Bb4 26.c4 Be6 27.Rb5 
Ra8 28.Rc1 Bd7 29.c5 Rc7 30.Bd5 Rac8 31.Rb7 Bxa4 32.c6 Bd6 33.Rxc7 Bxc7 
34.f4 e6 35.Bf3 Bb3 36.g3 a4 37.Bc5 Rd8 38.Be7 Re8 39.Bf6 Rc8 40.Be7 Re8 
41.Bf6 Kf8 42.Kd3 Rc8 43.Rc5 Ke8 44.Rb5 Bd6 45.Be5 Bxe5 46.fxe5 Bd5 47.
Bxd5 exd5 48.Rb6 Ra8 49.c7 Rc8 50.Ra6 Rxc7 51.Rxa4 Rc1 52.Ke3 Ke7 53.Ra6 
Rc4 54.e6 Re4+ 55.Kd3 Rxe6 56.Ra7+ Kf6 57.Rd7 Re5 58.Kd4 Ke6 59.Re7+ Kxe7 
60.Kxe5 f5 61.Kxd5 Kf6 62.Kd4 Kg5 63.Ke3 Kg4 64.Kf2 Kh3 65.Kg1 h5 66.Kh1 
g5 67.Kg1 h4 68.gxh4 Kxh4 69.Kg2 Kg4 70.h3+ Kf4 71.Kf2 Ke4 72.Ke2 f4 73.
Kf2 f3 74.Kf1 Ke3 0-1

[Event "13th Africa-ch"]
[Site "Oran ALG"]
[Date "2017.07.04"]
[Round "4"]
[White "Boudriga, Med Ali"]
[Black "Belouadah, Saad"]
[Result "0-1"]
[WhiteElo "2348"]
[BlackElo "2400"]
[EventDate "2017.07.02"]
[PlyCount "120"]

1.e4 e5 2.Nf3 Qe7 3.Nc3 c6 4.d4 d6 5.Be3 Nf6 6.d5 h6 7.Be2 Qc7 8.Nd2 Be7 
9.a4 O-O 10.Nc4 Nxe4 11.Nxe4 cxd5 12.Qxd5 Be6 13.Qb5 d5 14.Nc5 Bc8 15.Nxe5
a6 16.Qb3 Bxc5 17.Bxc5 Qxc5 18.Nd3 Qe7 19.Qb4 Qe6 20.Rd1 Nc6 21.Qd2 Qf6 
22.O-O Bf5 23.Rb1 Rac8 24.Rfe1 Rfd8 25.Bf1 Nd4 26.c3 Ne6 27.Rbc1 Be4 28.
Qe3 a5 29.Rcd1 Bxd3 30.Rxd3 d4 31.cxd4 Rxd4 32.Rxd4 Qxd4 33.Qxd4 Nxd4 34.
Re7 Rc1 35.f3 Nf5 36.Re5 g6 37.b3 Kg7 38.Kf2 Rc2+ 39.Ke1 b6 40.Bd3 Rxg2 
41.Rb5 Nd4 42.Rxb6 Nxf3+ 43.Kf1 Rb2 44.Be2 Nxh2+ 45.Ke1 f5 46.b4 axb4 47.
a5 Ra2 48.a6 f4 49.Bc4 Ra1+ 50.Ke2 f3+ 51.Ke3 h5 52.Rxb4 Ng4+ 53.Kf4 Kh6 
54.Rb8 f2 55.Rh8+ Kg7 56.Rg8+ Kh7 57.Rb8 f1=Q+ 58.Bxf1 Rxf1+ 59.Ke4 Ra1 
60.Rb7+ Kh6 0-1

[Event "13th Africa-ch"]
[Site "Oran ALG"]
[Date "2017.07.04"]
[Round "4"]
[White "Hesham, Abdelrahman"]
[Black "Talbi, Chafik"]
[Result "1-0"]
[WhiteElo "2385"]
[BlackElo "2250"]
[EventDate "2017.07.02"]
[PlyCount "79"]

1.d4 Nf6 2.c4 e6 3.Nf3 d5 4.Nc3 dxc4 5.e4 Bb4 6.Bxc4 c5 7.O-O cxd4 8.Bb5+ 
Bd7 9.Qxd4 Bxc3 10.Bxd7+ Nbxd7 11.bxc3 O-O 12.Ba3 Re8 13.e5 Nd5 14.c4 N5b6
15.Rab1 Qc7 16.Rfc1 Rec8 17.Bd6 Qc6 18.Qd3 Nc5 19.Qe3 Nba4 20.Nd4 Qd7 21.
f4 b6 22.f5 exf5 23.Rf1 g6 24.Nxf5 gxf5 25.Qg5+ Kh8 26.Qf6+ Kg8 27.Rxf5 h6
28.Rbf1 Qe6 29.Qh4 Nd7 30.c5 Naxc5 31.Rxf7 Qxf7 32.Rxf7 Kxf7 33.Qe7+ Kg6 
34.e6 Nxe6 35.Qxe6+ Nf6 36.Be7 Rc1+ 37.Kf2 Rc2+ 38.Ke3 Rcc8 39.Qxf6+ Kh7 
40.Qf7+ 1-0

[Event "13th Africa-ch"]
[Site "Oran ALG"]
[Date "2017.07.04"]
[Round "4"]
[White "Mwali, Chitumbo"]
[Black "Phiri, Richmond"]
[Result "1/2-1/2"]
[WhiteElo "2356"]
[BlackElo "2267"]
[EventDate "2017.07.02"]
[PlyCount "30"]

1.c4 Nf6 2.g3 e6 3.Bg2 d5 4.d4 Be7 5.Nf3 O-O 6.O-O dxc4 7.Qc2 a6 8.Qxc4 b5
9.Qc2 Bb7 10.Bd2 Be4 11.Qc1 Bb7 12.Qc2 Be4 13.Qc1 Bb7 14.Qc2 Be4 15.Qc1 
Bb7 1/2-1/2

[Event "13th Africa-ch"]
[Site "Oran ALG"]
[Date "2017.07.04"]
[Round "4"]
[White "Haddouche, Mohamed"]
[Black "Odendaal, Frederick"]
[Result "1-0"]
[WhiteElo "2492"]
[BlackElo "2038"]
[EventDate "2017.07.02"]
[PlyCount "105"]

1.Nf3 Nf6 2.g3 g6 3.Bg2 Bg7 4.d3 d6 5.O-O O-O 6.e4 e5 7.Nc3 c6 8.d4 Qc7 9.
a4 Re8 10.h3 Nbd7 11.Re1 Nf8 12.Be3 b6 13.Qd3 Bb7 14.Rad1 Rad8 15.dxe5 
dxe5 16.Qc4 Qe7 17.b4 h6 18.Qb3 Qc7 19.Qc4 Ne6 20.Bf1 Bf8 21.Kh2 Kg7 22.
Rd2 Rxd2 23.Nxd2 Qe7 24.Na2 c5 25.b5 Nd4 26.Bg2 Qe6 27.Qxe6 fxe6 28.Rc1 
Ne2 29.Rb1 Nd4 30.Rb2 c4 31.c3 Ba3 32.Rb1 Nc2 33.Nxc4 Nxe3 34.fxe3 Bc5 35.
Rd1 Bxe4 36.Nxe5 Bxg2 37.Kxg2 Nd5 38.Kf2 Rf8+ 39.Ke2 Bd6 40.Nf3 Bxg3 41.c4
Nf6 42.Nd4 Kf7 43.Nb4 h5 44.Nbc6 Ra8 45.a5 Bc7 46.Nf3 bxa5 47.Ng5+ Ke8 48.
Rf1 Ng8 49.Nxe6 Bd6 50.c5 Kd7 51.Rd1 Kxe6 52.Rxd6+ Kf5 53.b6 1-0

[Event "13th Africa-ch"]
[Site "Oran ALG"]
[Date "2017.07.04"]
[Round "4"]
[White "Silva, David"]
[Black "Van Zyl-Rudd, Jack"]
[Result "1-0"]
[WhiteElo "2205"]
[BlackElo "2125"]
[EventDate "2017.07.02"]
[PlyCount "87"]

1.e4 c5 2.Nf3 e6 3.g3 Nc6 4.Bg2 Nf6 5.Qe2 d5 6.d3 Be7 7.O-O O-O 8.e5 Nd7 
9.c4 dxc4 10.dxc4 b6 11.Nc3 Bb7 12.Rd1 Qc8 13.Bf4 Rd8 14.h4 Nf8 15.Nb5 Ng6
16.Bg5 Rxd1+ 17.Rxd1 a6 18.Nd6 Bxd6 19.exd6 Nf8 20.h5 h6 21.Bd2 Nd7 22.Bc3
Qe8 23.Nh4 Rb8 24.Be4 f5 25.Bg2 b5 26.b3 b4 27.Bb2 Qf7 28.Ng6 Kh7 29.Re1 
Re8 30.Nf4 e5 31.Bd5 Qf6 32.Qd3 Ba8 33.g4 Nd4 34.Bxd4 cxd4 35.Qxf5+ Qxf5 
36.gxf5 Bxd5 37.Nxd5 a5 38.Nc7 Rf8 39.c5 Nxc5 40.Ne6 Rc8 41.Rxe5 Nd7 42.
Rd5 Rc2 43.Rxd4 Rxa2 44.Rg4 1-0

[Event "13th Africa-ch"]
[Site "Oran ALG"]
[Date "2017.07.04"]
[Round "4"]
[White "Gueroui, Nasr-Eddine"]
[Black "Bouzidi, Ahmed"]
[Result "0-1"]
[WhiteElo "2029"]
[BlackElo "2193"]
[EventDate "2017.07.02"]
[PlyCount "60"]

1.e4 Nf6 2.e5 Nd5 3.d4 d6 4.Nf3 dxe5 5.Nxe5 c6 6.Qf3 Be6 7.b3 Nb4 8.Qe2 
Bf5 9.Na3 Qxd4 10.Rb1 Nxa2 11.Nf3 Nxc1 12.Nxd4 Nxe2 13.Bxe2 Be4 14.Bf3 
Bxf3 15.Nxf3 e6 16.Nc4 Bb4+ 17.Ke2 Nd7 18.Rhd1 O-O-O 19.Ng5 Rdf8 20.Ne4 
Nb6 21.Nxb6+ axb6 22.c3 Be7 23.b4 Rd8 24.b5 Rxd1 25.Kxd1 Rd8+ 26.Kc2 Kc7 
27.Nd2 Ra8 28.Rb2 Ra5 29.c4 Ba3 30.Rb3 Bc5 0-1

[Event "13th Africa-ch"]
[Site "Oran ALG"]
[Date "2017.07.04"]
[Round "4"]
[White "Farahat, Ali"]
[Black "Salhi, Nouressadat"]
[Result "1-0"]
[WhiteElo "2420"]
[BlackElo "2034"]
[EventDate "2017.07.02"]
[PlyCount "43"]

1.e4 c5 2.Nf3 Nc6 3.d4 cxd4 4.Nxd4 Nf6 5.Nc3 e5 6.Ndb5 d6 7.Bg5 a6 8.Na3 
b5 9.Bxf6 gxf6 10.Nd5 f5 11.Bxb5 axb5 12.Nxb5 Kd7 13.O-O Nd4 14.Nxd4 exd4 
15.Qxd4 Be7 16.Nb6+ Kc6 17.Nxa8 Kb7 18.Rfd1 Kxa8 19.Rd3 Ba6 20.Ra3 Kb7 21.
Qd5+ Ka7 22.Qc4 1-0

[Event "13th Africa-ch"]
[Site "Oran ALG"]
[Date "2017.07.04"]
[Round "4"]
[White "Bengherabi, Khalil"]
[Black "Chipanga, Takaedza"]
[Result "1-0"]
[WhiteElo "2230"]
[BlackElo "2068"]
[EventDate "2017.07.02"]
[PlyCount "72"]

1.e4 c5 2.Nf3 Nc6 3.Bb5 e6 4.Bxc6 bxc6 5.e5 Ne7 6.d3 Ng6 7.h4 Qc7 8.Qe2 d6
9.exd6 Bxd6 10.Nc3 Nf4 11.Bxf4 Bxf4 12.O-O O-O 13.Ne4 Qe7 14.g3 Bc7 15.Qe3
Bb6 16.c4 e5 17.Rfe1 f6 18.Nfd2 f5 19.Ng5 Bc7 20.f4 Rb8 21.b3 h6 22.Ngf3 
e4 23.dxe4 fxe4 24.Nxe4 Ba5 25.Nc3 Qd7 26.Ne5 Qh3 27.Re2 Bxc3 28.Qxc3 Bb7 
29.Rh2 Qf5 30.Qd3 Qxd3 31.Nxd3 Rbd8 32.Rd1 Bc8 33.Rdd2 Bg4 34.Nxc5 Rxd2 
35.Rxd2 Bf5 36.Na6 Re8 1-0

[Event "13th Africa-ch"]
[Site "Oran ALG"]
[Date "2017.07.04"]
[Round "4"]
[White "El-Hadi, Hamdan Abderahmane"]
[Black "Ghabache, Nour-Eddine"]
[Result "1/2-1/2"]
[WhiteElo "2082"]
[BlackElo "2168"]
[EventDate "2017.07.02"]
[PlyCount "120"]

1.d4 g6 2.c4 Bg7 3.Nc3 d6 4.Nf3 Nd7 5.Qc2 e5 6.Bg5 f6 7.Bd2 f5 8.dxe5 Nxe5
9.Nxe5 Bxe5 10.h4 Be6 11.h5 Qd7 12.e3 O-O-O 13.O-O-O gxh5 14.Nb5 a6 15.Nd4
Bxd4 16.exd4 Qf7 17.d5 Bd7 18.Qc3 Nf6 19.Qd4 c5 20.dxc6 Bxc6 21.Bg5 Rhf8 
22.Bxf6 Qxf6 23.Qxf6 Rxf6 24.Rxh5 h6 25.f3 d5 26.cxd5 Bxd5 27.b3 Kc7 28.
Rh4 Rc6+ 29.Kb2 Rcd6 30.Kc3 Rc6+ 31.Kb2 Rcd6 32.Rd2 b5 33.Rhd4 Kc6 34.Be2 
a5 35.a3 Kc5 36.b4+ axb4 37.axb4+ Kc6 38.Bd1 Bc4 39.Kc3 Rxd4 40.Rxd4 Ra8 
41.Bc2 Rg8 42.Rh4 Rxg2 43.Rxh6+ Kc7 44.Bxf5 Re2 45.Be4 Re1 46.Kd4 Rc1 47.
Rh2 Kd6 48.Rd2 Rh1 49.Bd3 Rh4+ 50.Kc3 Ke5 51.Bxc4 Rxc4+ 52.Kb3 Rf4 53.Rd3 
Rf8 54.Kc3 Rc8+ 55.Kb3 Rf8 56.Rc3 Kd4 57.Kc2 Rf7 58.Rc5 Rxf3 59.Rxb5 Kc4 
60.Rb8 Rf2+ 1/2-1/2

[Event "13th Africa-ch"]
[Site "Oran ALG"]
[Date "2017.07.04"]
[Round "4"]
[White "De Gondo, Simplice Armel"]
[Black "Boudaoud, Khaled"]
[Result "1-0"]
[WhiteElo "2174"]
[BlackElo "2139"]
[EventDate "2017.07.02"]
[PlyCount "141"]

1.e4 c5 2.Nf3 d6 3.d4 cxd4 4.Nxd4 Nf6 5.Nc3 a6 6.Bg5 e6 7.f4 Qb6 8.Nb3 
Nbd7 9.Qf3 Qc7 10.O-O-O b5 11.Bd3 Be7 12.Rhe1 Bb7 13.Kb1 b4 14.Na4 e5 15.
Bxf6 Bxf6 16.Nd2 Bc6 17.b3 Bxa4 18.bxa4 Nb6 19.a5 Na4 20.Nc4 Nc3+ 21.Kc1 
Nxd1 22.Kxd1 O-O 23.f5 Bg5 24.Qh5 f6 25.h4 Bf4 26.Qf3 Qc5 27.g3 Bh6 28.Nb6
Qxa5 29.Bc4+ Kh8 30.Qf2 Qa3 31.Ke2 Ra7 32.Bb3 Qa5 33.Rd1 Rc7 34.Rxd6 Qb5+ 
35.Ke1 Rc3 36.Nd5 Rcc8 37.Qb6 Qxb6 38.Rxb6 a5 39.Ke2 Rfd8 40.g4 Bc1 41.Re6
h6 42.Kf3 Rc5 43.Ra6 Bd2 44.Ke2 Bc1 45.Ra7 Rdc8 46.Kd3 Rd8 47.Ke2 Rdc8 48.
Kd1 Bf4 49.Ke2 Bg3 50.Ne7 Rd8 51.g5 hxg5 52.hxg5 a4 53.Rxa4 Kh7 54.gxf6 
gxf6 55.Rxb4 Bf4 56.Nd5 Kh6 57.Kf3 Kg5 58.Rb6 Rdxd5 59.Bxd5 Rc3+ 60.Ke2 
Rxc2+ 61.Kd3 Rd2+ 62.Kc3 Rd4 63.Rb8 Kg4 64.Rg8+ Bg5 65.Rg6 Kf4 66.Kb3 Rd3+
67.Kb4 Rd4+ 68.Kb5 Bh4 69.a4 Be1 70.Rg8 Ke3 71.a5 1-0

[Event "13th Africa-ch"]
[Site "Oran ALG"]
[Date "2017.07.04"]
[Round "4"]
[White "Ounas, Abdelhak"]
[Black "Moulay, Mehdi"]
[Result "1-0"]
[WhiteElo "2018"]
[BlackElo "2055"]
[EventDate "2017.07.02"]
[PlyCount "111"]

1.e4 e5 2.Nf3 Nc6 3.Bb5 a6 4.Ba4 Nf6 5.O-O Be7 6.Re1 b5 7.Bb3 d6 8.c3 Na5 
9.Bc2 c5 10.d4 Qc7 11.h3 O-O 12.Nbd2 Rd8 13.d5 c4 14.Nf1 Nb7 15.a4 bxa4 
16.Rxa4 Bd7 17.Ra2 Nc5 18.Ng3 Ne8 19.Bg5 Bxg5 20.Nxg5 f6 21.Nf3 g6 22.Nd2 
Bb5 23.h4 Ng7 24.h5 Nxh5 25.Nxh5 gxh5 26.Qxh5 Qf7 27.Qh4 Kh8 28.Re3 Rg8 
29.Nb1 Rg5 30.Rf3 Rag8 31.Rg3 Nd3 32.Bxd3 cxd3 33.b3 Bd7 34.Rxg5 Rxg5 35.
f3 Bc8 36.c4 Qg6 37.Qe1 f5 38.exf5 Qxf5 39.Qe4 Qf7 40.Qxd3 Qa7+ 41.Qe3 Qg7
42.Qb6 Qe7 43.Rf2 h5 44.f4 exf4 45.Qd4+ Re5 46.Rxf4 Qg7 47.Qf2 Kg8 48.Nd2 
Bg4 49.Ne4 Qg6 50.Nf6+ Kg7 51.Qh4 Qb1+ 52.Kh2 Re1 53.Qg5+ Qg6 54.Qxg6+ 
Kxg6 55.Nxg4 Kg5 56.Nf2 1-0

[Event "13th Africa-ch"]
[Site "Oran ALG"]
[Date "2017.07.06"]
[Round "5"]
[White "Arab, Adlane"]
[Black "Amin, Bassem"]
[Result "0-1"]
[WhiteElo "2476"]
[BlackElo "2672"]
[EventDate "2017.07.02"]
[PlyCount "110"]

1.d4 Nf6 2.c4 g6 3.Nc3 Bg7 4.e4 d6 5.Nf3 O-O 6.Be2 e5 7.d5 a5 8.Bg5 h6 9.
Bh4 Na6 10.Nd2 Qe8 11.O-O Bd7 12.b3 Nh7 13.a3 h5 14.f3 Bh6 15.Kh1 Be3 16.
Qc2 f5 17.exf5 gxf5 18.Bf2 Bxf2 19.Rxf2 Qe7 20.Rb1 Kh8 21.b4 axb4 22.axb4 
Rg8 23.Qb2 Rg7 24.Re1 Qh4 25.Ref1 Rag8 26.f4 e4 27.Nd1 Qf6 28.Qa3 h4 29.
Ne3 h3 30.g4 Qd4 31.Rd1 fxg4 32.Ndf1 Qb6 33.Ng3 Qxb4 34.Qa1 Qb6 35.Qc3 Nc5
36.Rff1 Na4 37.Qd2 Nf6 38.Rb1 Qa7 39.Ra1 Qb8 40.Nef5 Bxf5 41.Nxf5 Nc5 42.
Nxg7 Kxg7 43.Ra3 Kf7 44.Rg3 Qc8 45.f5 Ncd7 46.c5 Nxc5 47.Qh6 Qf8 48.Qh4 
Rh8 49.Qg5 Qh6 50.Qxh6 Rxh6 51.Bxg4 Nxd5 52.f6 Rxf6 53.Bh5+ Ke6 54.Re1 Nf4
55.Rg5 d5 0-1